[Event "African Games-chT 2019"]
[Site "Casablanca"]
[Date "2019.08.24"]
[Round "2.10"]
[White "Arab, Adlane"]
[Black "Mushore, Emarald Takudzwa"]
[Result "1-0"]
[WhiteElo "2485"]
[BlackElo "2198"]
[Annotator "ChessBase"]
[PlyCount "83"]
[EventDate "2019.08.24"]
[EventType "team-tourn"]
[EventCountry "MAR"]
[SourceTitle "playchess.com"]
[Source "ChessBase"]
[SourceQuality "1"]
[WhiteTeam "Algeria"]
[BlackTeam "Zimbabwe"]
[WhiteTeamCountry "ALG"]
[BlackTeamCountry "ZIM"]
[TimeControl "900+10"]

1. d4 {[%emt 0:00:00]} Nf6 {[%emt 0:00:00]} 2. c4 {[%emt 0:00:00]} e6 {[%emt 0:00:00]} 3. g3 {[%emt 0:00:00]} d5 {[%emt 0:00:00]} 4. Nf3 {[%emt 0:00:00]} Be7 {[%emt 0:00:09]} 5. Bg2 {[%emt 0:00:00]} O-O {[%emt 0:00:03]} 6. O-O {[%emt 0:00:04]} dxc4 {[%emt 0:00:05]} 7. Qc2 {[%emt 0:00:03]} c5 {[%emt 0:01:16]} 8. Qxc4 {[%emt 0:00:15]} Nc6 {[%emt 0:02:30]} 9. dxc5 {[%emt 0:01:09]} Qd5 {[%emt 0:00:08]} 10. Qc2 {[%emt 0:00:31]} Qxc5 {[%emt 0:00:14]} 11. Nc3 {[%emt 0:00:21]} Qh5 {[%emt 0:00:58]} 12. h3 {[%emt 0:01:01]} Bd7 {[%emt 0:02:43]} 13. Rd1 {[%emt 0:00:42]} Rfd8 {[%emt 0:00:04]} 14. Bf4 {[%emt 0:00:08]} Rac8 {[%emt 0:00:05]} 15. a3 {[%emt 0:00:13]} Qc5 {[%emt 0:01:12]} 16. Rac1 {[%emt 0:00:38]} Be8 {[%emt 0:00:21]} 17. b4 {[%emt 0:00:46]} Rxd1+ {[%emt 0:01:57]} 18. Qxd1 {[%emt 0:00:02]} Qb6 {[%emt 0:00:13]} 19. Be3 {[%emt 0:03:07]} Qd8 {[%emt 0:00:18]} 20. Qb3 {[%emt 0:00:21]} a6 {[%emt 0:01:01]} 21. Na4 {[%emt 0:01:16]} Qd5 {[%emt 0:00:37]} 22. Qb2 {[%emt 0:00:31]} Rd8 {[%emt 0:00:30]} 23. Nd4 {[%emt 0:01:01]} Qd6 {[%emt 0:01:12]} 24. Nxc6 {[%emt 0:00:08]} Bxc6 {[%emt 0:00:15]} 25. Bxc6 {[%emt 0:00:04]} bxc6 {[%emt 0:00:02]} 26. Bc5 {[%emt 0:00:14]} Qd7 {[%emt 0:00:12]} 27. Nb6 {[%emt 0:00:15]} Qb7 {[%emt 0:00:07]} 28. Bxe7 {[%emt 0:00:03]} Qxe7 {[%emt 0:00:02]} 29. Rxc6 {[%emt 0:00:03]} h6 {[%emt 0:00:44]} 30. Qc2 {[%emt 0:00:04]} g6 {[%emt 0:00:12]} 31. Qc3 {[%emt 0:00:55]} Qb7 {[%emt 0:01:00]} 32. Qc4 {[%emt 0:01:50]} Rd1+ {[%emt 0:01:01]} 33. Kh2 {[%emt 0:00:01]} Kg7 {[%emt 0:00:26]} 34. a4 {[%emt 0:00:16]} h5 {[%emt 0:00:06]} 35. a5 {[%emt 0:00:08]} h4 {[%emt 0:00:05]} 36. g4 {[%emt 0:00:13]} Nd5 {[%emt 0:00:34]} 37. Nxd5 {[%emt 0:00:11]} exd5 {[%emt 0:00:02]} 38. Qc3+ {[%emt 0:00:27]} d4 {[%emt 0:00:04]} 39. Qf3 {[%emt 0:00:01]} Qb8+ {[%emt 0:00:11]} 40. Kg2 {[%emt 0:00:03]} Qxb4 {[%emt 0:00:02]} 41. Qf6+ {[%emt 0:00:04]} Kh7 {[%emt 0:00:04]} 42. Qxf7+ {[%emt 0:00:02]} 1-0

[Event "African Games-chT 2019"]
[Site "Casablanca"]
[Date "2019.08.24"]
[Round "2.11"]
[White "Shaba, Linda"]
[Black "Nassr, Lina"]
[Result "1/2-1/2"]
[WhiteElo "1615"]
[BlackElo "1938"]
[Annotator "NA"]
[PlyCount "85"]
[EventDate "2019.08.24"]
[EventType "team-tourn"]
[EventCountry "MAR"]
[SourceTitle "playchess.com"]
[Source "ChessBase"]
[SourceQuality "1"]
[WhiteTeam "Zimbabwe"]
[BlackTeam "Algeria"]
[WhiteTeamCountry "ZIM"]
[BlackTeamCountry "ALG"]
[TimeControl "900+10"]

1. d4 {[%emt 0:00:00]} d5 {[%emt 0:00:00]} 2. Nf3 {[%emt 0:00:00]} Nf6 {[%emt 0:00:00]} 3. g3 {[%emt 0:00:03]} e6 {[%emt 0:00:00]} 4. Bg2 {[%emt 0:00:03]} Be7 {[%emt 0:00:00]} 5. O-O {[%emt 0:00:04]} b6 {[%emt 0:00:00]} 6. c4 {[%emt 0:00:04]} O-O {[%emt 0:00:19]} 7. cxd5 {[%emt 0:00:08]} exd5 {[%emt 0:00:34]} 8. Nc3 {[%emt 0:00:08]} Bb7 {[%emt 0:00:02]} 9. Ne5 {[%emt 0:01:00]} Re8 {[%emt 0:01:43]} 10. Qc2 {[%emt 0:02:18]} Nbd7 {[%emt 0:01:18]} 11. Nxd7 {[%emt 0:01:46]} Qxd7 {[%emt 0:00:07]} 12. Bg5 {[%emt 0:00:36]} h6 {[%emt 0:00:32]} 13. Bxf6 {[%emt 0:00:23]} Bxf6 {[%emt 0:00:03]} 14. e3 {[%emt 0:00:02]} a6 {[%emt 0:02:56]} 15. Rac1 {[%emt 0:01:17]} Rac8 {[%emt 0:00:54]} 16. Qb3 {[%emt 0:02:20]} Red8 {[%emt 0:01:21]} 17. Ne2 {[%emt 0:01:03]} Qd6 {[%emt 0:02:05]} 18. Bh3 {[%emt 0:00:34]} Rb8 {[%emt 0:00:10]} 19. Rc2 {[%emt 0:00:35]} c5 {[%emt 0:01:40]} 20. dxc5 {[%emt 0:02:10]} bxc5 {[%emt 0:00:02]} 21. Qd3 {[%emt 0:00:51]} c4 {[%emt 0:02:25]} 22. Qd2 {[%emt 0:00:44]} d4 {[%emt 0:01:08]} 23. Nxd4 {[%emt 0:00:59]} Qd5 {[%emt 0:00:15]} 24. f3 {[%emt 0:00:15]} Rd6 {[%emt 0:00:38]} 25. Bg2 {[%emt 0:00:25]} Rbd8 {[%emt 0:00:28]} 26. f4 {[%emt 0:00:16]} Qxg2+ {[%emt 0:00:03]} 27. Qxg2 {[%emt 0:00:01]} Bxg2 {[%emt 0:00:01]} 28. Kxg2 {[%emt 0:00:10]} Bxd4 {[%emt 0:00:03]} 29. exd4 {[%emt 0:00:06]} Rxd4 {[%emt 0:00:01]} 30. Rfc1 {[%emt 0:00:11]} Kh7 {[%emt 0:00:15]} 31. Kh3 {[%emt 0:00:08]} Rd2 {[%emt 0:00:14]} 32. Rxd2 {[%emt 0:01:00]} Rxd2 {[%emt 0:00:01]} 33. Rxc4 {[%emt 0:00:01]} Rxb2 {[%emt 0:00:02]} 34. Ra4 {[%emt 0:00:01]} Rb6 {[%emt 0:00:04]} 35. Kg4 {[%emt 0:00:02]} Kg6 {[%emt 0:00:15]} 36. Ra5 {[%emt 0:00:18]} Kf6 {[%emt 0:00:16]} 37. h3 {[%emt 0:00:14]} g6 {[%emt 0:00:19]} 38. Kf3 {[%emt 0:00:25]} Ke6 {[%emt 0:00:24]} 39. Re5+ {[%emt 0:00:03]} Kd6 {[%emt 0:00:12]} 40. Ra5 {[%emt 0:00:12]} Ke6 {[%emt 0:00:26]} 41. Re5+ {[%emt 0:00:05]} Kd6 {[%emt 0:00:00]} 42. Ra5 {[%emt 0:00:01]} Ke6 {[%emt 0:00:02]} 43. Re5+ {[%emt 0:00:02]} 1/2-1/2

[Event "African Games-chT 2019"]
[Site "Casablanca"]
[Date "2019.08.24"]
[Round "2.12"]
[White "Latreche, Sabrina"]
[Black "Wakuruwarewa, Colletta"]
[Result "1-0"]
[WhiteElo "2064"]
[BlackElo "1587"]
[Annotator "NA"]
[PlyCount "109"]
[EventDate "2019.08.24"]
[EventType "team-tourn"]
[EventCountry "MAR"]
[SourceTitle "playchess.com"]
[Source "ChessBase"]
[SourceQuality "1"]
[WhiteTeam "Algeria"]
[BlackTeam "Zimbabwe"]
[WhiteTeamCountry "ALG"]
[BlackTeamCountry "ZIM"]
[TimeControl "900+10"]

1. e4 {[%emt 0:00:00]} e6 {[%emt 0:00:00]} 2. Qe2 {[%emt 0:00:00]} c5 {[%emt 0:00:01]} 3. g3 {[%emt 0:00:00]} Nc6 {[%emt 0:00:02]} 4. Bg2 {[%emt 0:00:01]} Nd4 {[%emt 0:00:31]} 5. Qd1 {[%emt 0:00:02]} d5 {[%emt 0:00:06]} 6. c3 {[%emt 0:00:46]} Nc6 {[%emt 0:00:03]} 7. exd5 {[%emt 0:00:55]} exd5 {[%emt 0:00:01]} 8. Qe2+ {[%emt 0:00:02]} Be7 {[%emt 0:00:08]} 9. Nf3 {[%emt 0:00:40]} Nf6 {[%emt 0:00:02]} 10. O-O {[%emt 0:00:09]} O-O {[%emt 0:00:02]} 11. d3 {[%emt 0:00:14]} h6 {[%emt 0:00:06]} 12. Bf4 {[%emt 0:00:46]} Bf5 {[%emt 0:00:29]} 13. Na3 {[%emt 0:01:31]} a6 {[%emt 0:00:14]} 14. Rad1 {[%emt 0:00:20]} Re8 {[%emt 0:00:20]} 15. Qd2 {[%emt 0:00:07]} Bd6 {[%emt 0:02:11]} 16. Nc2 {[%emt 0:01:42]} Qc7 {[%emt 0:00:34]} 17. Bxd6 {[%emt 0:00:07]} Qxd6 {[%emt 0:00:02]} 18. Ne3 {[%emt 0:00:11]} Be6 {[%emt 0:02:04]} 19. Rfe1 {[%emt 0:01:58]} d4 {[%emt 0:00:51]} 20. cxd4 {[%emt 0:00:14]} Nxd4 {[%emt 0:00:55]} 21. Nxd4 {[%emt 0:00:22]} Qxd4 {[%emt 0:00:03]} 22. Bxb7 {[%emt 0:00:40]} Rab8 {[%emt 0:00:02]} 23. Bc6 {[%emt 0:00:01]} Rec8 {[%emt 0:00:14]} 24. Nc2 {[%emt 0:01:26]} Qd6 {[%emt 0:01:34]} 25. Bg2 {[%emt 0:00:23]} Rxb2 {[%emt 0:00:13]} 26. a3 {[%emt 0:01:10]} Bb3 {[%emt 0:00:43]} 27. Qc3 {[%emt 0:00:53]} Bxc2 {[%emt 0:00:36]} 28. Qxb2 {[%emt 0:00:02]} Bxd1 {[%emt 0:00:01]} 29. Rxd1 {[%emt 0:00:01]} Rb8 {[%emt 0:00:24]} 30. Qc3 {[%emt 0:00:17]} Qd4 {[%emt 0:01:03]} 31. Rc1 {[%emt 0:00:56]} Rd8 {[%emt 0:01:39]} 32. Bf1 {[%emt 0:00:16]} Rd5 {[%emt 0:01:08]} 33. Qxd4 {[%emt 0:02:01]} cxd4 {[%emt 0:00:04]} 34. Rc4 {[%emt 0:00:01]} Nd7 {[%emt 0:00:23]} 35. Bg2 {[%emt 0:00:33]} Rd6 {[%emt 0:00:01]} 36. Rc8+ {[%emt 0:00:07]} Kh7 {[%emt 0:00:03]} 37. Rc4 {[%emt 0:00:54]} Ne5 {[%emt 0:00:20]} 38. Ra4 {[%emt 0:00:06]} g6 {[%emt 0:00:05]} 39. Bf1 {[%emt 0:00:06]} Kg7 {[%emt 0:00:06]} 40. Ra5 {[%emt 0:00:16]} Nd7 {[%emt 0:00:40]} 41. Kg2 {[%emt 0:00:20]} Nf6 {[%emt 0:00:59]} 42. Be2 {[%emt 0:00:05]} Nd5 {[%emt 0:00:21]} 43. Bf3 {[%emt 0:00:11]} Nc7 {[%emt 0:00:23]} 44. Rc5 {[%emt 0:00:10]} Nb5 {[%emt 0:00:18]} 45. a4 {[%emt 0:00:02]} Nc3 46. a5 {[%emt 0:00:02]} Na4 {[%emt 0:00:21]} 47. Rc6 {[%emt 0:00:36]} Rxc6 {[%emt 0:00:29]} 48. Bxc6 {[%emt 0:00:01]} Nc5 {[%emt 0:00:04]} 49. Kf3 {[%emt 0:00:06]} f5 {[%emt 0:00:03]} 50. Ke2 {[%emt 0:00:03]} Kf6 {[%emt 0:00:01]} 51. f4 {[%emt 0:00:15]} Ke6 {[%emt 0:00:44]} 52. Be8 {[%emt 0:00:17]} Kf6 {[%emt 0:00:07]} 53. Bc6 {[%emt 0:00:16]} Ke6 {[%emt 0:00:02]} 54. Be8 {[%emt 0:00:10]} Kf6 {[%emt 0:00:01]} 55. Bc6 {[%emt 0:00:02]} 1-0

[Event "African Games-chT 2019"]
[Site "Casablanca"]
[Date "2019.08.24"]
[Round "2.13"]
[White "Gohil, Mehul"]
[Black "Chumfwa, Stanley"]
[Result "0-1"]
[WhiteElo "2076"]
[BlackElo "2317"]
[Annotator "NA"]
[PlyCount "100"]
[EventDate "2019.08.24"]
[EventType "team-tourn"]
[EventCountry "MAR"]
[SourceTitle "playchess.com"]
[Source "ChessBase"]
[SourceQuality "1"]
[WhiteTeam "Kenya"]
[BlackTeam "Zambia"]
[WhiteTeamCountry "KEN"]
[BlackTeamCountry "ZAM"]
[TimeControl "900+10"]

1. d4 {[%emt 0:00:00]} Nf6 {[%emt 0:00:00]} 2. Bg5 {[%emt 0:00:00]} e6 {[%emt 0:00:00]} 3. e4 {[%emt 0:00:00]} h6 {[%emt 0:00:00]} 4. Bxf6 {[%emt 0:00:03]} Qxf6 {[%emt 0:00:00]} 5. c3 {[%emt 0:00:03]} d5 {[%emt 0:00:05]} 6. Nd2 {[%emt 0:00:05]} c5 {[%emt 0:00:04]} 7. Ngf3 {[%emt 0:00:04]} Nc6 {[%emt 0:00:10]} 8. Bb5 {[%emt 0:00:06]} Bd7 {[%emt 0:00:05]} 9. O-O {[%emt 0:00:05]} cxd4 {[%emt 0:00:49]} 10. Nxd4 {[%emt 0:00:06]} dxe4 {[%emt 0:04:07]} 11. Nxe4 {[%emt 0:00:23]} Qf4 {[%emt 0:00:10]} 12. Re1 {[%emt 0:01:57]} Be7 {[%emt 0:00:09]} 13. g3 {[%emt 0:02:31]} Qc7 {[%emt 0:00:25]} 14. Qg4 {[%emt 0:02:18]} O-O {[%emt 0:00:37]} 15. Nxc6 {[%emt 0:00:43]} bxc6 {[%emt 0:00:30]} 16. Bd3 {[%emt 0:00:06]} f5 {[%emt 0:03:01]} 17. Qg6 {[%emt 0:00:10]} fxe4 {[%emt 0:00:07]} 18. Qxe4 {[%emt 0:00:28]} Rf6 {[%emt 0:01:41]} 19. Qh7+ {[%emt 0:01:16]} Kf7 {[%emt 0:00:02]} 20. Be2 {[%emt 0:00:06]} Qe5 {[%emt 0:01:15]} 21. Rad1 {[%emt 0:00:14]} Rd8 {[%emt 0:00:20]} 22. Bd3 {[%emt 0:04:14]} Qc5 {[%emt 0:00:50]} 23. Re3 {[%emt 0:00:06]} Be8 {[%emt 0:01:04]} 24. b4 {[%emt 0:00:32]} Qh5 {[%emt 0:01:43]} 25. Rde1 {[%emt 0:00:11]} Rd5 {[%emt 0:00:37]} 26. Qh8 {[%emt 0:01:58]} Rdf5 {[%emt 0:00:55]} 27. Bc4 {[%emt 0:00:32]} Rxf2 {[%emt 0:00:13]} 28. Bxe6+ {[%emt 0:00:06]} Rxe6 {[%emt 0:00:05]} 29. Kxf2 {[%emt 0:00:08]} Qxh2+ {[%emt 0:00:02]} 30. Kf3 {[%emt 0:00:13]} Qh5+ {[%emt 0:00:08]} 31. Kg2 {[%emt 0:00:06]} Qd5+ {[%emt 0:00:07]} 32. Kg1 {[%emt 0:00:11]} Rxe3 {[%emt 0:00:08]} 33. Rxe3 {[%emt 0:00:01]} Qd1+ {[%emt 0:00:02]} 34. Kf2 {[%emt 0:00:04]} Qd2+ {[%emt 0:00:02]} 35. Kf3 {[%emt 0:00:11]} Qd1+ {[%emt 0:00:25]} 36. Kf2 {[%emt 0:00:05]} Qd2+ {[%emt 0:00:11]} 37. Kf3 {[%emt 0:00:01]} Qd5+ {[%emt 0:00:01]} 38. Kf2 {[%emt 0:00:01]} Qxa2+ {[%emt 0:00:29]} 39. Kg1 {[%emt 0:00:37]} Qb1+ {[%emt 0:00:13]} 40. Kf2 {[%emt 0:00:09]} Qc2+ {[%emt 0:00:08]} 41. Kf3 {[%emt 0:00:01]} Qf5+ {[%emt 0:00:17]} 42. Kg2 {[%emt 0:00:08]} Qd5+ {[%emt 0:00:20]} 43. Kf2 {[%emt 0:00:13]} c5 {[%emt 0:00:11]} 44. Qh7 {[%emt 0:00:51]} cxb4 {[%emt 0:00:17]} 45. Rf3+ {[%emt 0:00:16]} Bf6 {[%emt 0:00:01]} 46. cxb4 {[%emt 0:00:05]} Bc6 {[%emt 0:00:02]} 47. Rd3 {[%emt 0:00:15]} Bd4+ {[%emt 0:00:08]} 48. Ke2 {[%emt 0:00:07]} Qg2+ {[%emt 0:00:04]} 49. Kd1 {[%emt 0:00:06]} Ba4+ {[%emt 0:00:03]} 50. Ke1 {[%emt 0:00:04]} Qf2# {[%emt 0:00:03]} 0-1

[Event "African Games-chT 2019"]
[Site "Casablanca"]
[Date "2019.08.24"]
[Round "2.14"]
[White "Kayonde, Andrew"]
[Black "Sang, Ricky"]
[Result "1-0"]
[WhiteElo "2384"]
[BlackElo "1971"]
[Annotator "ChessBase"]
[PlyCount "125"]
[EventDate "2019.08.24"]
[EventType "team-tourn"]
[EventCountry "MAR"]
[SourceTitle "playchess.com"]
[Source "ChessBase"]
[SourceQuality "1"]
[WhiteTeam "Zambia"]
[BlackTeam "Kenya"]
[WhiteTeamCountry "ZAM"]
[BlackTeamCountry "KEN"]
[TimeControl "900+10"]

1. d4 {[%emt 0:00:00]} d5 {[%emt 0:00:00]} 2. Bf4 {[%emt 0:00:03]} Nf6 {[%emt 0:00:05]} 3. e3 {[%emt 0:00:03]} e6 {[%emt 0:00:04]} 4. Nf3 {[%emt 0:00:48]} c5 {[%emt 0:00:16]} 5. c3 {[%emt 0:00:03]} Bd6 {[%emt 0:00:44]} 6. Ne5 {[%emt 0:00:13]} O-O {[%emt 0:00:12]} 7. Nd2 {[%emt 0:00:05]} Nc6 {[%emt 0:00:23]} 8. Bg3 {[%emt 0:00:20]} Qc7 {[%emt 0:01:25]} 9. f4 {[%emt 0:01:13]} b6 {[%emt 0:00:17]} 10. Bd3 {[%emt 0:00:07]} Bb7 {[%emt 0:00:11]} 11. O-O {[%emt 0:00:19]} Ne7 {[%emt 0:00:39]} 12. Rc1 {[%emt 0:00:43]} Ne4 {[%emt 0:02:33]} 13. Be1 {[%emt 0:03:15]} f5 {[%emt 0:00:27]} 14. Ndf3 {[%emt 0:00:52]} c4 {[%emt 0:00:53]} 15. Bxe4 {[%emt 0:00:23]} dxe4 {[%emt 0:00:32]} 16. Ng5 {[%emt 0:00:06]} Bd5 {[%emt 0:02:08]} 17. Qh5 {[%emt 0:01:19]} h6 {[%emt 0:01:10]} 18. Ngf7 {[%emt 0:00:45]} Bxe5 {[%emt 0:00:30]} 19. Nxe5 {[%emt 0:00:02]} Nc6 {[%emt 0:01:00]} 20. Rc2 {[%emt 0:01:11]} Nxe5 {[%emt 0:00:15]} 21. fxe5 {[%emt 0:00:02]} Qf7 {[%emt 0:00:16]} 22. Qh3 {[%emt 0:00:10]} Qg6 {[%emt 0:00:46]} 23. Rf4 {[%emt 0:00:23]} Rf7 {[%emt 0:00:48]} 24. Rcf2 {[%emt 0:02:16]} Raf8 {[%emt 0:00:10]} 25. Rh4 {[%emt 0:00:11]} Kh7 {[%emt 0:00:31]} 26. Rff4 {[%emt 0:00:04]} a5 {[%emt 0:00:49]} 27. a3 {[%emt 0:01:08]} a4 {[%emt 0:00:09]} 28. Rh5 {[%emt 0:00:21]} b5 {[%emt 0:00:20]} 29. Bg3 {[%emt 0:00:06]} Rc7 {[%emt 0:00:34]} 30. Rfh4 {[%emt 0:00:05]} Kg8 {[%emt 0:00:40]} 31. Bf4 {[%emt 0:00:05]} Qe8 {[%emt 0:01:04]} 32. Qg3 {[%emt 0:01:03]} Kf7 {[%emt 0:00:18]} 33. Bxh6 {[%emt 0:00:02]} gxh6 {[%emt 0:00:08]} 34. Rxh6 {[%emt 0:00:02]} Rg8 {[%emt 0:00:06]} 35. Rh7+ {[%emt 0:02:44]} Kf8 {[%emt 0:00:03]} 36. Qxg8+ {[%emt 0:00:13]} Kxg8 {[%emt 0:00:02]} 37. Rh8+ {[%emt 0:00:01]} Kg7 {[%emt 0:00:06]} 38. R4h7+ {[%emt 0:00:03]} Kg6 {[%emt 0:00:02]} 39. Rh6+ {[%emt 0:00:02]} Kg7 {[%emt 0:00:01]} 40. R8h7+ {[%emt 0:00:07]} Kg8 {[%emt 0:00:02]} 41. Rxc7 {[%emt 0:00:15]} Qf8 {[%emt 0:00:07]} 42. Rch7 {[%emt 0:00:10]} f4 {[%emt 0:00:47]} 43. Rh8+ {[%emt 0:00:02]} Kg7 {[%emt 0:00:05]} 44. R6h7+ {[%emt 0:00:02]} Kg6 {[%emt 0:00:03]} 45. Rxf8 {[%emt 0:00:02]} Kxh7 {[%emt 0:00:04]} 46. exf4 {[%emt 0:00:03]} Kg6 {[%emt 0:00:06]} 47. Kf2 {[%emt 0:00:02]} Kg7 {[%emt 0:00:12]} 48. Rb8 {[%emt 0:00:04]} Bc6 {[%emt 0:00:04]} 49. Rc8 {[%emt 0:00:02]} Bd5 {[%emt 0:00:04]} 50. Rc5 {[%emt 0:00:02]} Kg6 {[%emt 0:00:05]} 51. g4 {[%emt 0:00:01]} Kf7 {[%emt 0:00:04]} 52. Rxb5 {[%emt 0:00:01]} Bc6 {[%emt 0:00:09]} 53. Rc5 {[%emt 0:00:02]} Bd5 {[%emt 0:00:03]} 54. h4 {[%emt 0:00:01]} Kg6 {[%emt 0:00:08]} 55. f5+ {[%emt 0:00:01]} Kf7 {[%emt 0:00:14]} 56. g5 {[%emt 0:00:06]} Ba8 {[%emt 0:00:06]} 57. fxe6+ {[%emt 0:00:02]} Kxe6 {[%emt 0:00:02]} 58. Rxc4 {[%emt 0:00:01]} Kf5 {[%emt 0:00:03]} 59. Ke3 {[%emt 0:00:03]} Kg4 {[%emt 0:00:04]} 60. g6 {[%emt 0:00:01]} Bd5 {[%emt 0:00:07]} 61. Rc5 {[%emt 0:00:02]} Bg8 {[%emt 0:00:06]} 62. Rc8 {[%emt 0:00:04]} Be6 {[%emt 0:00:03]} 63. g7 {[%emt 0:00:01]} 1-0

[Event "African Games-chT 2019"]
[Site "Casablanca"]
[Date "2019.08.24"]
[Round "2.15"]
[White "Ndirangu, Joyce Nyaruai"]
[Black "Mwango, Lorita"]
[Result "1-0"]
[WhiteElo "1662"]
[BlackElo "1947"]
[Annotator "NA"]
[PlyCount "63"]
[EventDate "2019.08.24"]
[EventType "team-tourn"]
[EventCountry "MAR"]
[SourceTitle "playchess.com"]
[Source "ChessBase"]
[SourceQuality "1"]
[WhiteTeam "Kenya"]
[BlackTeam "Zambia"]
[WhiteTeamCountry "KEN"]
[BlackTeamCountry "ZAM"]
[TimeControl "900+10"]

1. d4 {[%emt 0:00:00]} d5 {[%emt 0:00:00]} 2. Bf4 {[%emt 0:00:00]} Nf6 {[%emt 0:00:02]} 3. e3 {[%emt 0:00:11]} e6 {[%emt 0:00:21]} 4. Bd3 {[%emt 0:00:05]} Be7 {[%emt 0:00:02]} 5. Nf3 {[%emt 0:00:11]} O-O {[%emt 0:00:03]} 6. Nbd2 {[%emt 0:00:05]} c5 {[%emt 0:00:06]} 7. c3 {[%emt 0:00:02]} Nc6 {[%emt 0:00:09]} 8. Ne5 {[%emt 0:00:05]} Bd7 {[%emt 0:00:13]} 9. Qf3 {[%emt 0:00:41]} Nxe5 {[%emt 0:03:01]} 10. dxe5 {[%emt 0:00:03]} Ne8 {[%emt 0:00:01]} 11. h4 {[%emt 0:00:23]} c4 {[%emt 0:00:15]} 12. Bc2 {[%emt 0:00:05]} f5 {[%emt 0:00:52]} 13. Qh3 {[%emt 0:04:56]} Kh8 {[%emt 0:00:20]} 14. Nf3 {[%emt 0:00:05]} b5 {[%emt 0:00:35]} 15. Bg5 {[%emt 0:01:58]} b4 {[%emt 0:00:44]} 16. g4 {[%emt 0:01:16]} Rb8 {[%emt 0:02:22]} 17. gxf5 {[%emt 0:03:35]} exf5 {[%emt 0:00:14]} 18. Nd4 {[%emt 0:00:01]} h6 {[%emt 0:02:42]} 19. e6 {[%emt 0:00:05]} Bb5 {[%emt 0:00:43]} 20. Rg1 {[%emt 0:02:21]} Nd6 {[%emt 0:02:49]} 21. Bxf5 {[%emt 0:00:37]} Qe8 {[%emt 0:01:43]} 22. Qg4 {[%emt 0:00:04]} Nxf5 {[%emt 0:00:24]} 23. Nxf5 {[%emt 0:00:04]} h5 {[%emt 0:00:58]} 24. Qh3 {[%emt 0:00:42]} Bxg5 {[%emt 0:00:05]} 25. Rxg5 {[%emt 0:00:07]} g6 {[%emt 0:00:02]} 26. Nd6 {[%emt 0:00:08]} Qe7 {[%emt 0:00:14]} 27. Qg3 {[%emt 0:00:21]} Rf6 {[%emt 0:00:17]} 28. Nf7+ {[%emt 0:00:07]} Rxf7 {[%emt 0:00:08]} 29. exf7 {[%emt 0:00:02]} Rf8 {[%emt 0:00:02]} 30. Rxg6 {[%emt 0:00:03]} Rxf7 {[%emt 0:00:04]} 31. Rg8+ {[%emt 0:00:01]} Kh7 {[%emt 0:00:02]} 32. Qg6# {[%emt 0:00:01]} 1-0

[Event "African Games-chT 2019"]
[Site "Casablanca"]
[Date "2019.08.24"]
[Round "2.16"]
[White "Mululu Linah"]
[Black "Mongeli, Sasha"]
[Result "0-1"]
[WhiteElo "1633"]
[BlackElo "1527"]
[Annotator "NA"]
[PlyCount "43"]
[EventDate "2019.08.24"]
[EventType "team-tourn"]
[EventCountry "MAR"]
[SourceTitle "playchess.com"]
[Source "ChessBase"]
[SourceQuality "1"]
[WhiteTeam "Zambia"]
[BlackTeam "Kenya"]
[WhiteTeamCountry "ZAM"]
[BlackTeamCountry "KEN"]
[TimeControl "900+10"]

1. d4 {[%emt 0:00:00]} Nf6 {[%emt 0:00:00]} 2. Nf3 {[%emt 0:00:00]} d5 {[%emt 0:00:00]} 3. c4 {[%emt 0:00:37]} e6 {[%emt 0:00:25]} 4. g3 {[%emt 0:00:03]} Bb4+ {[%emt 0:00:27]} 5. Bd2 {[%emt 0:00:24]} Be7 {[%emt 0:00:16]} 6. Bg2 {[%emt 0:00:02]} b6 {[%emt 0:00:51]} 7. O-O {[%emt 0:00:48]} O-O {[%emt 0:00:24]} 8. cxd5 {[%emt 0:01:10]} Nxd5 {[%emt 0:00:23]} 9. Nc3 {[%emt 0:00:32]} Bb7 {[%emt 0:00:14]} 10. Qc2 {[%emt 0:00:13]} Nd7 {[%emt 0:01:05]} 11. Rad1 {[%emt 0:00:29]} c5 {[%emt 0:01:35]} 12. Nxd5 {[%emt 0:02:20]} Bxd5 {[%emt 0:00:25]} 13. dxc5 {[%emt 0:00:12]} Nxc5 {[%emt 0:02:09]} 14. b4 {[%emt 0:03:33]} Ne4 {[%emt 0:01:09]} 15. Bf4 {[%emt 0:02:07]} Bxb4 {[%emt 0:03:04]} 16. Rd4 {[%emt 0:01:19]} Rc8 {[%emt 0:02:04]} 17. Qb1 {[%emt 0:01:04]} Nc3 {[%emt 0:02:24]} 18. Qxb4 {[%emt 0:00:46]} Nxe2+ {[%emt 0:00:06]} 19. Kh1 {[%emt 0:00:01]} Nxd4 {[%emt 0:00:18]} 20. Qxd4 {[%emt 0:00:12]} Rc4 {[%emt 0:00:09]} 21. Qd3 {[%emt 0:01:09]} Qc8 {[%emt 0:00:32]} 22. Qd2 0-1